书目信息 |
| 题名: |
地图学
|
|
| 作者: | 胡圣武 编著 | |
| 分册: | ||
| 出版信息: | 北京 北京交通大学出版社 2020.08 |
|
| 页数: | 293页 | |
| 开本: | 26cm | |
| 丛书名: | ||
| 单 册: | ||
| 中图分类: | P28 | |
| 科图分类: | ||
| 主题词: | 地图学--di tu xue--高等学校--教材 | |
| 电子资源: | ||
| ISBN: | 978-7-5121-4069-1 | |
| 000 | 00911nam0 2200265 450 | |
| 001 | CAL 0120203065716 | |
| 005 | 20200912130023.4 | |
| 010 | @a978-7-5121-4069-1@dCNY56.00 | |
| 100 | @a20200911d2020 em y0chiy0120 ea | |
| 101 | 0 | @achi |
| 102 | @aCN@b110000 | |
| 105 | @aa a 000yy | |
| 106 | @ar | |
| 200 | 1 | @a地图学@Adi tu xue@f胡圣武编著 |
| 205 | @a第2版 | |
| 210 | @a北京@c北京交通大学出版社@c清华大学出版社@d2020.08 | |
| 215 | @a293页@c图@d26cm | |
| 320 | @a有书目 (第292-293页) | |
| 330 | @a全书由10章组成, 内容包括: 地图及地图学 ; 地图的分幅与编号 ; 地图投影的基本理论 ; 几种常用的地图投影 ; 地图语言 ; 普通地图内容表示方法 ; 专题地图内容表示方法等。 | |
| 333 | @a21世纪高等院校测绘与地理信息系统规划教材 | |
| 606 | 0 | @a地图学@Adi tu xue@x高等学校@j教材 |
| 690 | @aP28@v5 | |
| 701 | 0 | @a胡圣武@Ahu sheng wu@4编著 |
| 801 | 0 | @aCN@b人天书店@c20200911 |
| 905 | @aTSG@b0000226@dP28@eH507@f2 | |
| 地图学/胡圣武编著.-第2版.-北京:北京交通大学出版社:清华大学出版社,2020.08 |
| 293页:图;26cm |
| 使用对象:21世纪高等院校测绘与地理信息系统规划教材 |
| ISBN 978-7-5121-4069-1:CNY56.00 |
| 全书由10章组成, 内容包括: 地图及地图学 ; 地图的分幅与编号 ; 地图投影的基本理论 ; 几种常用的地图投影 ; 地图语言 ; 普通地图内容表示方法 ; 专题地图内容表示方法等。 |
| ● |
| 相关链接 |
|
|
|
正题名:地图学
索取号:P28/H507
 
预约/预借
| 序号 | 登录号 | 条形码 | 馆藏地/架位号 | 状态 | 备注 |
| 1 | 1532644 | 215326449 | 自科库401/401自科库 124排2列1层/ [索取号:P28/H507] | 在馆 | |
| 2 | 1532645 | 215326458 | 自科库401/401自科库 124排2列1层/ [索取号:P28/H507] | 在馆 |